|
|
|
|
| LEADER |
01028nam a22002657a 4500 |
| 001 |
33249 |
| 003 |
BD-DhAAL |
| 005 |
20180707115738.0 |
| 008 |
180707r19961985ii a b 000 0 eng d |
| 999 |
|
|
|c 39572
|d 39572
|
| 020 |
|
|
|a 8173811059
|
| 040 |
|
|
|a BD-DhAAL
|
| 082 |
0 |
0 |
|a 100
|
| 100 |
|
|
|a Sinha, Jadunath
|9 26574
|
| 245 |
1 |
0 |
|a Introduction to philosophy /
|c Jadunath Sinha
|
| 250 |
|
|
|a New revised edition
|
| 260 |
|
|
|a Calcutta :
|b New Central Book Agency,
|c c1985 [reprinted 1996].
|
| 300 |
|
|
|a iv, 312 pages ;
|c 22 cm.
|
| 504 |
|
|
|a Includes bibliographical references (page 312).
|
| 526 |
|
|
|a ARC
|
| 541 |
|
|
|e 33249
|
| 650 |
|
0 |
|a Philosophy
|v Introductions.
|9 26575
|
| 852 |
|
|
|a Department of Architecture
|c General Stacks
|
| 942 |
|
|
|2 ddc
|c BK
|
| 952 |
|
|
|0 0
|1 1
|2 ddc
|4 0
|6 100_000000000000000_SIN
|7 0
|9 63593
|a ARC
|b ARC
|c GEN
|d 2018-07-07
|l 0
|o 100 SIN
|p 3010033249
|r 2018-07-07
|t 1
|w 2018-07-07
|y BK
|x lost from the ARC department library and approved by the Dean (reasons personal books withdrawn by Hasibul Kabir Sir and Building shifting)
|